[Event "Stay Safe Play From Home 229"]
[Site "Emanuel Lasker Arena"]
[Date "2020.06.16"]
[Round "5"]
[White "Toosieslide"]
[Black "Mepe_Nika"]
[Result "0-1"]
[WhiteElo "2319"]
[BlackElo "2358"]
[Annotator "TA"]
[PlyCount "156"]
[EventDate "2020.06.16"]
[EventType "swiss (blitz)"]

{[%evp 17,156,35,79,68,78,-22,29,43,35,35,40,39,158,154,154,89,268,-83,177,-20,78,43,120,122,227,214,242,235,226,190,307,291,320,114,111,102,168,121,199,-2,-2,-125,249,238,297,116,143,66,692,681,728,729,698,671,660,636,630,613,908,663,739,639,617,363,336,329,329,320,301,277,317,0,0,0,0,-8,-8,-8,0,-80,-8,-80,0,-80,0,-80,-80,-80,-15,-80,-80,-80,0,0,0,0,0,0,0,0,0,0,0,0,0,0,0,0,0,0,0,0,0,0,0,0,29982,0,0,0,8,0,0,0,26,0,0,0,29988,8,554,0,0,0,8,0,0,0,0,0,29987]} 1. d4 c5 2. d5 d6 3. c4 e6 4. Nc3 exd5 5. cxd5 Nf6 6. e4 g6 7. Nf3 Bg7 8. h3 O-O 9. Bd3 Na6 10. O-O {A70: Modern Benoni: 6 e4 g6 7 Nf3.} Nc7 11. Bc4 (11. Re1 $16) 11... Rb8 (11... b5 $142 12. Bd3 (12. Nxb5 Nxb5 13. Bxb5 Nxe4 $15) 12... Re8) 12. a4 $11 {White has an edge.} a6 13. a5 {[#]} Re8 $146 ({Predecessor:} 13... Nd7 14. Bg5 Bf6 15. Bxf6 Qxf6 16. Qd2 b5 17. axb6 Rxb6 18. b3 Nb5 19. Bxb5 axb5 {0-1 (52) Kumsiashvili,N (1989)-Pantsulaia,L (2587) Tbilisi 2010}) 14. Re1 Bd7 (14... Nb5 $14) 15. e5 $1 $36 {[%cal Re5f6][%mdl 2048] White is really pushing.} dxe5 16. Nxe5 (16. d6 $142) 16... Bb5 $2 (16... Nfxd5 $16 17. Nxd5 Rxe5) 17. Ba2 $2 (17. d6 $18 Rxe5 {[%mdl 64] Remove Defender} 18. Rxe5 Bxc4 19. Rxc5 {[%mdl 64] Double Attack} (19. dxc7 Qxc7 20. Bf4 Qc6 $18)) 17... c4 $2 {[%mdl 8192]} (17... Nfxd5 $1 $17 {and life is bright.} 18. Nxd5 Nxd5 19. Bxd5 Bxe5) 18. Bg5 $2 (18. d6 $18) 18... h6 (18... Ncxd5 $11 19. Nxd5 Qxd5 20. Qxd5 Nxd5 21. Nxc4 Rxe1+ 22. Rxe1 Nb4) 19. Bxf6 $1 Qxf6 (19... Bxf6 $14 20. f4 Be7) 20. d6 Ne6 (20... Nd5 $16 21. Nxd5 Qxd6) 21. d7 $18 ({But not} 21. Bxc4 $6 Nd8 $16) ({Inferior is} 21. Nxc4 Nd4 $11) 21... Red8 22. Bxc4 Bxc4 23. Nxc4 Nf4 (23... Qf5 $142 24. Ne3 Qc5) 24. Nb6 Qc6 {[%csl Gf4][%cal Rc6g2]} 25. Qf3 $2 (25. Re4 $18 {and White stays clearly on top.} Bxc3 26. Rxf4 Bxb2 27. Rc4) 25... Qxf3 $16 26. gxf3 Nd3 (26... Nxh3+ $16 27. Kg2 Nf4+ 28. Kf1 Bd4) 27. Re2 Nxb2 (27... Ne5 $16) 28. Rc1 $2 ({White should play} 28. Ncd5 $18 {aiming for Rc1.} Nd3 29. Rd1) 28... Nd3 $11 29. Rd1 (29. Rcc2 $11) 29... Nc5 $2 {[%mdl 8192] [#]} (29... Nf4 $1 $17 {keeps the pressure on.} 30. Re4 Nxh3+ 31. Kg2 Bxc3 32. Kxh3 Bxa5) 30. Ncd5 $1 $18 Kh7 31. Ne7 $2 (31. Re7 $18 {is more deadly.}) 31... Bf6 32. Rd5 ({White should try} 32. f4 $16) 32... Bxe7 $2 {[%mdl 8192]} (32... Ne6 $14) 33. Rxe7 Nxd7 34. Rxf7+ Kg8 35. Rfxd7 Rxd7 36. Rxd7 {[%mdl 4096] Endgame KRN-KR} Rf8 37. Rxb7 Rxf3 38. Rc7 Rxh3 39. Rc6 Ra3 40. Rxg6+ Kh7 41. Rc6 Rxa5 42. Rc7+ Kg6 43. Kg2 Kh5 44. Nd5 $2 (44. Nc4 $18 Rf5 45. Rc6) 44... Rxd5 $11 {KR-KR} 45. Rc6 Rg5+ 46. Kf1 Rg6 47. Rc5+ Rg5 48. Rc8 (48. Rc6 $11) 48... Rf5 (48... a5 $17) 49. Re8 (49. Kg2 $11) 49... Rg5 (49... a5 $17 50. Ke2 Kg6 51. Rg8+ Kf6) 50. Re3 (50. Rc8 $11 {remains equal.}) 50... Rf5 (50... a5 $17 51. Re4 Rf5) 51. Rh3+ (51. Re8 $1 $11 {keeps the balance.}) 51... Kg6 52. Rg3+ Rg5 (52... Kf6 $17) 53. Rf3 (53. Rc3 $11) 53... h5 54. Ra3 h4 (54... a5 $17) 55. Rxa6+ Kh5 56. Ra4 Rg6 57. Ra3 Rg5 58. Rh3 Rg4 59. Rh1 Rg5 60. f3 Kg6 61. Kf2 Rh5 62. Rh2 Re5 63. Rg2+ Kf6 64. Kg1 Ke6 65. Kh2 Kd5 66. Kh3 Re4 $2 {[%mdl 8192]} (66... Rf5 $11) 67. Rg4 $2 (67. fxe4+ Kxe4 68. Rd2 Ke3 69. Rd8 Ke2 70. Kxh4 Ke3 71. Kg5 Ke4 72. Kf6) 67... Re5 (67... Re1 {looks sharper.} 68. Rg5+ Ke6 69. Kg4 Kf6 70. Rf5+ Kg6) 68. Rxh4 Re6 69. Rg4 Re7 70. Kg3 Kd6 71. f4 Kd7 72. Rg5 Rg7 $2 {[%mdl 8192]} (72... Re6 $11) 73. Kg4 $2 (73. Rxg7+ {mates} Ke6 74. Kg4 Kf6 75. Rd7 Ke6 76. Rd1 Kf6 77. f5 Ke5 78. Kg5) 73... Rf7 $2 {[%mdl 8192] [#]} (73... Re7 $1 $11 {and Black is okay.}) 74. f5 $2 (74. Re5 $1 $18 {Kg5 is the strong threat.} Rf8 75. Re4) 74... Ke7 {The position is equal.} 75. Rg6 Kf8 76. Kg5 Rg7 77. f6 Rf7 78. Rg7 Ke8 $2 {[%mdl 40960] Accuracy: White = 51%, Black = 45%. . Sensor Board Error (Ke4/e5)?} (78... Rxg7+ $11 79. fxg7+ Kxg7) 0-1

[Event "Stay Safe Play From Home 229"]
[Site "Emanuel Lasker Arena"]
[Date "2020.06.16"]
[Round "5"]
[White "little champs"]
[Black "Lamborghini"]
[Result "0-1"]
[WhiteElo "2314"]
[BlackElo "2194"]
[Annotator "TA"]
[PlyCount "138"]
[EventDate "2020.06.16"]
[EventType "swiss (blitz)"]

{[%evp 13,137,31,41,7,33,22,35,-107,14,14,15,27,35,14,34,0,0,0,0,0,0,-8,-12,-26,0,0,7,0,0,0,0,-7,0,0,4,0,5,-40,-39,-51,-42,-44,-14,-19,-25,-106,-29,-38,-36,-44,-42,-38,-5,-5,-7,-7,0,0,0,0,0,0,0,0,0,0,46,0,0,-91,-84,-256,-174,-184,-177,-821,-819,-795,-792,-776,-764,-949,-927,-843,-839,-1174,-1131,-1030,-1053,-1388,-1302,-1302,-1298,-1057,-912,-29985,-29986,-29986,-29987,-29989,-29990,-29990,-29991,-29991,-29987,-29987,-29987,-29987,-27999,-29991,-27999,-29990,-27999,-29990,-27999,-29992,-27999,-29993,-27999,-29994,-27999,-29995,-27999,-29998,-27999,-29999]} 1. d4 g6 2. e3 Bg7 3. Nf3 d6 4. Be2 Nf6 5. O-O O-O 6. c4 b6 7. Nc3 Bb7 8. b3 {E61: King's Indian: Early deviations for White, including Smyslov System.} c6 9. Bb2 Nbd7 {[#]} 10. d5 $146 {[#]} (10. Qc2 $14 {stays ahead.}) ({Predecessor:} 10. Qc2 d5 11. Rfd1 Rc8 12. e4 dxe4 13. Nxe4 Qc7 14. Rab1 Nxe4 15. Qxe4 c5 16. d5 {1-0 (38) Schmid,R (2247)-Ott,I (1796) Regensburg 2018}) 10... Rc8 (10... cxd5 $1 $17 11. Nxd5 Nxd5 12. Bxg7 Nxe3 13. fxe3 Kxg7) 11. dxc6 $11 Bxc6 12. Rc1 Qc7 13. Qd2 Rfe8 14. Nd5 Qb7 {[%cal Rc6d5]} 15. Nxf6+ Nxf6 16. Rfd1 a6 (16... Ne4 $5 17. Qc2 $8 e5 $11) 17. a4 Red8 18. h3 Nd7 (18... Ne4 $5 19. Qc2 $8 Bxb2 20. Qxb2 e5 $11) 19. Bxg7 Kxg7 20. Qb2+ Kg8 21. Ne1 Nc5 22. Bf3 Bxf3 23. Nxf3 b5 24. cxb5 axb5 25. a5 b4 $1 26. Rc4 Ra8 27. Ra1 Ra6 28. Qd4 {aiming for Rxc5.} Rb8 29. Qb2 (29. Qh4 $11) 29... Rba8 (29... Qa8 $17) 30. Qd4 Nxb3 31. Rxb4 Nxd4 32. Rxb7 Nxf3+ 33. gxf3 $15 {[%mdl 4096] Endgame KRR-KRR} Kf8 34. Rb5 f5 35. Kf1 Kf7 36. Ke2 Ke6 37. Kd3 g5 38. Kc4 Kf6 39. Kb4 Rc8 40. Rb1 Rc2 41. Rb6 (41. e4 $11 {remains equal.}) 41... Ra8 $17 42. Kb5 $2 {Now White is beyond hope.} (42. e4 $17) 42... Rxf2 43. a6 {[#]} Ra2 $1 ({Don't take} 43... Rxf3 44. Kc6 $17) 44. Kc6 $2 (44. Rb3) 44... R8xa6 $19 45. Rxa6 Rxa6+ {KR-KR} 46. Kd5 Ra5+ 47. Kd4 Ra4+ 48. Kd3 Ra3+ 49. Ke2 Ra2+ 50. Kd3 Rh2 51. Rb8 Rxh3 52. Rf8+ Ke6 53. Rg8 h6 54. Rg6+ Kf7 {Black mates.} 55. Rxd6 exd6 {KR-KPP} 56. Kd4 Ke6 57. f4 g4 58. e4 fxe4 59. Kxe4 {KR-KP} Rf3 60. f5+ Rxf5 {KR-K} 61. Ke3 Ke5 62. Kd3 Rf3+ 63. Kc4 Re3 64. Kb4 Kd5 65. Kb5 Rb3+ 66. Ka4 Kc4 67. Ka5 Kc5 {[%cal Rb3a3]} 68. Ka4 Rc3 69. Ka5 Ra3# {Accuracy: White = 56%, Black = 75%.} 0-1

[Event "Stay Safe Play From Home 229"]
[Site "Emanuel Lasker Arena"]
[Date "2020.06.16"]
[Round "5"]
[White "Lazieri3"]
[Black "SoulofWolf"]
[Result "1-0"]
[WhiteElo "2089"]
[BlackElo "2204"]
[Annotator "TA"]
[PlyCount "33"]
[EventDate "2020.06.16"]
[EventType "swiss (blitz)"]

{[%evp 9,32,23,35,29,17,7,0,-1,4,9,0,-12,5,14,602,565,552,540,536,497,506,497,478,439,29999]} 1. e4 b6 2. Nc3 c5 3. d4 cxd4 4. Qxd4 Nc6 5. Qe3 Bb7 6. Nf3 {B00: Queen's Fianchetto Defence, Nimzowitsch Defence.} e6 {[#]} 7. Bb5 $146 ({Predecessor:} 7. Bd2 Bc5 8. Qf4 Qf6 9. Nb5 Qxf4 10. Bxf4 Rc8 11. Nd6+ Bxd6 12. Bxd6 Na5 13. Nd2 {0-1 (68) Luke Brezmes,C (2122)-Campins Machado,F (2109) Barcelona 2019}) 7... Bc5 8. Qe2 {The position is equal.} a6 9. Bxc6 Bxc6 10. Be3 Qc7 11. Bxc5 Bd5 $2 {[%mdl 8192] [#]} (11... bxc5 $11 12. Qe3 Nf6) 12. exd5 bxc5 13. dxe6 dxe6 14. O-O Ne7 15. Ng5 O-O 16. Qe4 {[%csl Gg5][%cal Re4h7] [#]} h6 (16... Ng6 $18 17. Rab1 Rab8) 17. Qh7# {White took control after the opening. Accuracy: White = 80%, Black = 43%.} 1-0

[Event "Stay Safe Play From Home 229"]
[Site "Emanuel Lasker Arena"]
[Date "2020.06.16"]
[Round "5"]
[White "Bardellosport"]
[Black "Haxhi Baha"]
[Result "1-0"]
[WhiteElo "2035"]
[BlackElo "1903"]
[Annotator "TA"]
[PlyCount "111"]
[EventDate "2020.06.16"]
[EventType "swiss (blitz)"]

{[%evp 9,111,27,39,6,26,-56,-60,-72,-78,-75,-43,-57,-15,-26,-13,-134,-142,-130,-41,-199,-164,-128,-54,-114,-35,-37,-33,-35,0,-385,-402,-364,-314,-712,-552,-493,-435,-420,-296,-29996,492,460,644,639,2023,1897,1566,1581,1579,1545,1545,1522,29995,29990,29996,2452,1693,1298,1610,1279,1137,961,950,911,929,923,886,835,1310,1066,1396,1397,5914,4572,29969,29971,29974,29975,29980,29981,29982,29982,29982,29983,29986,29986,29986,29987,29987,29988,29988,29989,29989,29989,29990,29988,29989,29990,29990,29990,29990,29991,29993,29994]} 1. e4 e6 2. d3 d5 3. Nd2 dxe4 4. dxe4 Nf6 5. Ngf3 b6 6. Be2 {C00: French: Unusual White 2nd moves.} Bb7 7. c3 {[#]} (7. e5 $11 Nfd7 8. O-O) 7... Nxe4 $146 ({Predecessor:} 7... Bxe4 8. Nxe4 Qxd1+ 9. Bxd1 Nxe4 10. Ba4+ c6 11. Nd4 b5 12. Bc2 Nd6 13. a4 e5 {0-1 (60) Miljutin,O (2285)-Hudjakov,A (2305) Alushta 1999}) 8. Qc2 {Black is slightly better.} Nxd2 9. Bxd2 Be7 10. O-O-O Qc8 11. Bb5+ c6 12. Ba4 (12. Bd3 $11) 12... b5 $17 13. Bb3 a5 ({Black should play} 13... c5 $1 $17 {[%cal Rc5c4]} 14. c4 b4) 14. a3 $2 ({White should try} 14. Bg5 $15 Qc7 15. Qd3) 14... a4 15. Ba2 Na6 (15... c5 $17 16. Bf4 c4) 16. Ne5 (16. Bg5 $15 Qc7 17. Qd3) 16... O-O (16... c5 $1 $17 {Hoping for ...c4.} 17. c4 b4 18. Qxa4+ Kf8) 17. Bf4 c5 18. c4 b4 $36 {[%mdl 2048] ...b3 is the strong threat. Black is more active.} 19. Qxa4 $2 {[%mdl 8192]} (19. Bb1 $1 $11 {and White stays safe.} g6 20. h4) 19... bxa3 $19 20. bxa3 Nb4 ({Less strong is} 20... Bxg2 21. Rhg1 $19) 21. Qd7 $2 (21. Qb3 Nxa2+ 22. Qxa2) 21... Nxa2+ 22. Kb2 Qb8 23. Kxa2 Bxg2 {( -> ...Rxa3+!)} 24. Ng6 $2 {[#]} (24. Qxe7 {gets mated.} Rxa3+ $1 {[%mdl 512]} 25. Kxa3 Qb4+ 26. Ka2 Ra8+ 27. Qa7 Rxa7#) (24. Rb1 $19 Rxa3+ {[%mdl 64] Clearance} 25. Kxa3 Qa8+ 26. Qa4 Bxh1 27. Qxa8 Rxa8+ 28. Kb3 Rb8+ 29. Ka2 Rxb1 30. Kxb1) 24... hxg6 $4 {[%mdl 8192]} (24... Rxa3+ $1 {[%mdl 512] and all is fine.} 25. Kxa3 Qb4+ {[%mdl 64] Double Attack} 26. Ka2 Ra8+ 27. Qa7 Rxa7#) 25. Bxb8 $18 Rfxb8 26. Qxe7 Ra6 27. Rd8+ Rxd8 28. Qxd8+ Kh7 29. Qh4+ Kg8 30. Rb1 {[%cal Rb1b8]} f6 31. Rb8+ Kf7 32. Qf4 (32. Qh8 $142 Rxa3+ 33. Kxa3 Ke7 34. Qd8+ Kf7 35. Qf8#) 32... g5 33. Qc7+ {[%mdl 64] Double Attack} Kg6 34. Rb6 Ra4 35. Rb7 Bxb7 36. Qxb7 Rxc4 {[%mdl 4096] Endgame KQ-KR} 37. Qb5 Rc2+ 38. Kb3 Rxf2 39. a4 Rf3+ 40. Kc4 Rf4+ 41. Kxc5 g4 42. a5 {White mates.} Rf5+ 43. Kc6 Rxb5 44. Kxb5 {KP-KP} f5 45. a6 f4 46. a7 g3 47. a8=Q gxh2 48. Qh1 e5 49. Qxh2 Kf5 50. Kc4 e4 51. Qg2 g5 52. Qf1 f3 53. Kd4 Kf4 {[#]} 54. Qf2 $1 g4 55. Qe3+ Kg3 56. Kxe4 {Never resign too early! Accuracy: White = 52%, Black = 32%.} 1-0

[Event "Stay Safe Play From Home 229"]
[Site "Emanuel Lasker Arena"]
[Date "2020.06.16"]
[Round "5"]
[White "Mcpupple"]
[Black "Tartak"]
[Result "1-0"]
[WhiteElo "1799"]
[BlackElo "1599"]
[Annotator "NA RC"]
[PlyCount "61"]
[EventDate "2020.06.16"]
[EventType "swiss (blitz)"]

1. d4 {[%emt 0:00:01]} e6 {[%emt 0:00:01]} 2. Nf3 {[%emt 0:00:00]} d5 {[%emt 0:00:01]} 3. e3 {[%emt 0:00:00]} c5 {[%emt 0:00:02]} 4. Nbd2 {[%emt 0:00:00]} Nc6 {[%emt 0:00:01]} 5. c3 {[%emt 0:00:01]} Nf6 {[%emt 0:00:01]} 6. Be2 {[%emt 0:00:01]} Qc7 {[%emt 0:00:01]} 7. O-O {[%emt 0:00:01]} Bd6 {[%emt 0:00:01]} 8. h3 {[%emt 0:00:00]} Ne4 {[%emt 0:00:01]} 9. dxc5 {[%emt 0:00:01]} Bxc5 {[%emt 0:00:03]} 10. Nxe4 {[%emt 0:00:00]} dxe4 {[%emt 0:00:01]} 11. Nd4 {[%emt 0:00:00]} O-O {[%emt 0:00:02]} 12. Qc2 {[%emt 0:00:04]} f5 {[%emt 0:00:02]} 13. Qb3 {[%emt 0:00:02]} Bxd4 {[%emt 0:00:05]} 14. cxd4 {[%emt 0:00:02]} a6 {[%emt 0:00:07]} 15. a3 {[%emt 0:00:01]} b5 {[%emt 0:00:01]} 16. Qd1 {[%emt 0:00:00]} Kh8 {[%emt 0:00:01]} 17. b4 {[%emt 0:00:00]} Bb7 {[%emt 0:00:01]} 18. Bb2 {[%emt 0:00:00]} Ne7 {[%emt 0:00:01]} 19. Rc1 {[%emt 0:00:00]} Qd8 {[%emt 0:00:03]} 20. g4 {[%emt 0:00:00]} Nd5 {[%emt 0:00:01]} 21. gxf5 {[%emt 0:00:01]} exf5 {[%emt 0:00:01]} 22. Qb3 {[%emt 0:00:02]} Qg5+ {[%emt 0:00:03]} 23. Kh2 {[%emt 0:00:02]} f4 {[%emt 0:00:02]} 24. Rg1 {[%emt 0:00:01]} Qf5 {[%emt 0:00:03]} 25. Bf1 {[%emt 0:00:03]} fxe3 {[%emt 0:00:01]} 26. fxe3 {[%emt 0:00:04]} Qf2+ {[%emt 0:00:01]} 27. Bg2 {[%emt 0:00:02]} Nxe3 {[%emt 0:00:03]} 28. d5 {[%emt 0:00:04]} Bxd5 {[%emt 0:00:03]} 29. Bxg7+ {[%emt 0:00:01]} Kg8 {[%emt 0:00:04]} 30. Qxd5+ {[%emt 0:00:04]} Kxg7 {[%emt 0:00:02]} 31. Qe5+ {[%emt 0:00:03] Time (Lag: Av=0.59s, max=0.8s)} 1-0

[Event "Stay Safe Play From Home 229"]
[Site "Emanuel Lasker Arena"]
[Date "2020.06.16"]
[Round "5"]
[White "Edmatuag"]
[Black "Rachomtbg"]
[Result "0-1"]
[WhiteElo "1678"]
[BlackElo "1920"]
[Annotator "TA"]
[PlyCount "52"]
[EventDate "2020.06.16"]
[EventType "swiss (blitz)"]

{[%evp 9,51,-25,-25,-24,-25,-60,-59,-76,-83,-179,-176,-1168,-1165,-1158,-1141,-1112,-1105,-1147,-1141,-1172,-1165,-1397,-1393,-1382,-1279,-1270,-1270,-1267,-1253,-2062,-2032,-29985,-2343,-29991,-29989,-29989,-29987,-29993,-29994,-29995,-29996,-29998,-29999,-29999]} 1. e3 d5 2. d4 Nf6 3. Nf3 c6 4. Bd3 Bg4 5. c3 Nbd7 6. h3 {D04: Colle System.} Bh5 {[#]} 7. g4 $146 ({Predecessor:} 7. Nbd2 Qc7 8. Qb3 O-O-O 9. Qa4 Kb8 10. b4 e5 11. dxe5 Nxe5 12. Nxe5 Qxe5 13. Qb3 {0-1 (35) Steingrimsson,K (1659)-Valtysson,T (1922) Reykjavik 2018}) 7... Bg6 8. Bxg6 {Black is slightly better.} hxg6 9. Bd2 {[#]} (9. g5 $17 Ne4 10. h4) 9... Nxg4 $1 $19 {[%mdl 512]} 10. hxg4 $2 (10. c4) 10... Rxh1+ 11. Ke2 Rxd1 12. Kxd1 Qb6 13. Kc2 c5 14. Na3 Rc8 15. dxc5 Nxc5 16. Nd4 a6 17. Nb3 e6 18. Nxc5 Bxc5 19. b3 Bxa3 20. b4 Bxb4 (20... Qxb4 $142 21. Rh1 Qe4+ 22. Kd1 Qxh1+ 23. Ke2 Bb2 24. Be1 Bxc3 25. e4 Qxe1+ 26. Kf3 Be5 27. Kg2 Qxe4+ 28. f3 Qe2+ {[%mdl 64] Double Attack} 29. Kh3 Qh2#) 21. Kd1 Bxc3 {Black mates.} 22. Rc1 {[#]} Qb2 $1 {[%csl Gc3][%cal Rb2d2]} 23. Rc2 Qb1+ 24. Rc1 {[#]} Qd3 $1 {[%csl Gc3][%cal Rd3d2]} 25. Rc2 Qf1+ {[%mdl 64] Double Attack} 26. Be1 Qxe1# {White did not feel at home in the position after the opening.} 0-1

[Event "Stay Safe Play From Home 229"]
[Site "Emanuel Lasker Arena"]
[Date "2020.06.16"]
[Round "5"]
[White "Klasman"]
[Black "SecantFX"]
[Result "0-1"]
[WhiteElo "1269"]
[BlackElo "1855"]
[Annotator "NA RC"]
[PlyCount "44"]
[EventDate "2020.06.16"]
[EventType "swiss (blitz)"]

1. f4 {[%emt 0:00:01]} d5 {[%emt 0:00:00]} 2. Nf3 {[%emt 0:00:02]} Nf6 {[%emt 0:00:00]} 3. e3 {[%emt 0:00:01]} e6 {[%emt 0:00:00]} 4. c4 {[%emt 0:00:01]} Bd6 {[%emt 0:00:01]} 5. Nc3 {[%emt 0:00:02]} c6 {[%emt 0:00:01]} 6. d4 {[%emt 0:00:02]} O-O {[%emt 0:00:01]} 7. Be2 {[%emt 0:00:01]} b6 {[%emt 0:00:01]} 8. O-O {[%emt 0:00:02]} Qc7 {[%emt 0:00:01]} 9. Bd2 {[%emt 0:00:01]} Nbd7 {[%emt 0:00:01]} 10. Rc1 {[%emt 0:00:01]} Ne4 {[%emt 0:00:00]} 11. cxd5 {[%emt 0:00:03]} exd5 {[%emt 0:00:01]} 12. Nxd5 {[%emt 0:00:02]} Qb7 {[%emt 0:00:01]} 13. Nb4 {[%emt 0:00:08]} Bxb4 {[%emt 0:00:02]} 14. Bxb4 {[%emt 0:00:03]} Re8 {[%emt 0:00:00]} 15. Bd3 {[%emt 0:00:04]} Ndf6 {[%emt 0:00:01]} 16. Ng5 {[%emt 0:00:02]} Nxg5 {[%emt 0:00:02]} 17. fxg5 {[%emt 0:00:02]} Nd5 {[%emt 0:00:00]} 18. Bd2 {[%emt 0:00:09]} Nxe3 {[%emt 0:00:01]} 19. Qh5 {[%emt 0:00:03]} g6 {[%emt 0:00:01]} 20. Qh6 {[%emt 0:00:03]} Nxf1 {[%emt 0:00:01]} 21. Rxf1 {[%emt 0:00:03]} Qe7 {[%emt 0:00:02]} 22. Bc3 {[%emt 0:00:03]} Qf8 {[%emt 0:00:02] Time (Lag: Av=0.41s, max=0.7s)} 0-1

[Event "Stay Safe Play From Home 229"]
[Site "Emanuel Lasker Arena"]
[Date "2020.06.16"]
[Round "6"]
[White "Lamborghini"]
[Black "Mepe_Nika"]
[Result "1-0"]
[WhiteElo "2217"]
[BlackElo "2373"]
[Annotator "TA"]
[PlyCount "81"]
[EventDate "2020.06.16"]
[EventType "swiss (blitz)"]

{[%evp 12,81,6,0,23,16,29,-42,45,45,55,56,48,45,46,38,32,13,77,-56,-57,-68,-45,-70,32,0,0,0,177,186,182,189,307,254,282,233,643,607,578,-46,-40,-43,-70,-84,-70,-83,-93,-110,0,-19,103,-70,244,282,500,514,798,786,752,287,237,224,251,268,265,242,269,258,1354,1273,1104,-129]} 1. e4 e5 2. Nf3 Nc6 3. Bc4 Nf6 4. d3 Bc5 5. O-O d6 6. Bg5 h6 7. Bh4 g5 {C50: Hungarian Defence and Giuoco Pianissimo.} 8. Bg3 Qe7 9. Nc3 {[#]} (9. c3 $11) 9... Be6 $146 (9... Bg4 $15) ({Predecessor:} 9... Bg4 10. h3 Bh5 11. Qd2 O-O-O 12. Rad1 Nd4 13. Nd5 Nxd5 14. Bxd5 Bxf3 15. gxf3 Nxf3+ 16. Kh1 Nxd2 {0-1 (16) Engelbrecht,R (809)-Fogarty,T (745) Cape Town 2016}) 10. Nd5 $14 Bxd5 11. exd5 Nd4 $1 12. Nxd4 Bxd4 13. c3 Bb6 14. a4 a6 (14... a5 $11) 15. b3 ({White should play} 15. a5 $16 Ba7 16. d4) 15... h5 $1 $15 {[%cal Rh5h4] Hoping for ...h4.} 16. h3 h4 17. Bh2 {[#]} Qd7 (17... g4 $1 $15 {[%mdl 512]} 18. hxg4 Rg8) 18. a5 Ba7 19. d4 g4 $2 (19... exd4 $11 {and Black stays safe.} 20. cxd4 g4) 20. dxe5 $18 {And now hxg4 would win.} g3 21. exf6 O-O-O (21... Qf5 {keeps fighting.} 22. Qe2+ Qe5) 22. Qf3 Rdg8 23. Rae1 Rg6 $2 (23... Re8 24. Rxe8+ Qxe8 25. Bxg3 hxg3) 24. Re7 Qd8 25. Rfe1 $2 (25. Kh1 $18 gxh2 26. Bd3) 25... gxf2+ $15 26. Kf1 fxe1=Q+ ({Don't take} 26... fxe1=N 27. Kxe1 Re8 28. Qe4 $17) 27. Kxe1 Rhg8 28. Bf1 Kb8 29. b4 {[%cal Bb3b4,Bb4a5][%mdl 32]} Re8 (29... Qc8 $17) 30. Qe4 $1 $11 Rgg8 {[#]} (30... Rh8 $11 {keeps the balance.} 31. Qf4 Ka8) 31. Bd3 $2 (31. Be2 $1 $16) 31... b6 $2 {[%mdl 8192] [#] Black cannot hold the game after this.} (31... Rxe7 $1 $15 {stays ahead.} 32. fxe7 Qe8) 32. Bf4 $1 $18 (32. Bxa6 Qd7 $11) 32... bxa5 $2 (32... b5 {was worth a try.} 33. Bg5 Qc8 34. Bxh4 Qd8) 33. bxa5 Bc5 (33... Ka8 $142 34. Bxa6 Qb8) 34. Bxa6 Ka7 35. Bd3 $2 (35. Bb5) 35... Qb8 36. Qc4 $40 {[%csl Gd3][%cal Rc4a6][%mdl 128] White attacks with force.} Qb2 {...Qa1+ is the strong threat.} 37. Qa6+ Kb8 {Strongly threatening ...Qa1+.} 38. Qb5+ Qxb5 39. Bxb5 Rxe7+ $2 (39... Rd8 40. Bf1 (40. Rxf7 Rxg2 41. Bc6 Rf2 $16) 40... Rgf8) 40. fxe7 c6 41. e8=Q+ $2 {[%mdl 32768] Accuracy: White = 62%, Black = 37%. . Loss on time!?} (41. Bxc6 $18 Ka7 42. e8=Q Rxe8+ 43. Bxe8) 1-0

[Event "Stay Safe Play From Home 229"]
[Site "Emanuel Lasker Arena"]
[Date "2020.06.16"]
[Round "6"]
[White "SoulofWolf"]
[Black "Toosieslide"]
[Result "1-0"]
[WhiteElo "2182"]
[BlackElo "2304"]
[Annotator "TA"]
[PlyCount "105"]
[EventDate "2020.06.16"]
[EventType "swiss (blitz)"]

{[%evp 9,105,4,18,-15,0,0,0,-35,-15,-38,0,0,0,6,0,0,0,0,0,0,0,0,4,6,22,0,0,-26,-18,0,0,-35,-19,-19,-19,-97,-88,-77,13,-22,0,0,0,0,106,0,-4,-82,-86,-83,-15,-785,-374,-347,-368,-504,-367,-395,-385,-390,-320,-404,-402,-406,-375,-384,-332,-387,-327,-384,-329,-375,-300,-341,-291,-449,-466,-779,-275,-312,0,0,8,-87,0,0,29988,29989,29993,29989,29993,29994,29994,29994,29994,29994,29994,29994]} 1. d4 d5 2. Nf3 c6 3. Bf4 Nf6 4. e3 e6 5. h3 Bd6 6. Bg5 {D02: 1 d4 d5 2 Nf3 sidelines, including 2...Nf6 3 g3 and 2...Nf6 3 Bf4.} h6 {[#]} 7. Bxf6 $146 ({Predecessor:} 7. Bh4 g5 8. Bg3 Bxg3 9. fxg3 Qc7 10. Kf2 Ne4+ 11. Kg1 Qxg3 12. Qe2 Nd7 13. Nbd2 {1-0 (26) Kamaluddin,R-Axelsson,T Dos Hermanas 2004}) 7... Qxf6 8. Nbd2 {The position is equal.} Nd7 9. Bd3 b6 10. e4 dxe4 11. Nxe4 Qe7 $1 12. Nxd6+ Qxd6 13. c3 Bb7 14. Qe2 O-O 15. O-O Rfe8 16. Rad1 Qe7 17. b4 c5 18. a3 cxb4 19. axb4 a5 20. Rb1 axb4 21. Rxb4 Ra3 22. Qd2 (22. Qb2 $11 Rea8 23. Ne5) 22... Rc8 23. Rc1 Nf8 (23... Bxf3 $17 24. gxf3 Qd6) 24. Ne5 (24. Qb2 $5 {[%cal Rb2a3]} Rca8 25. Ne1 $15 (25. Rxb6 Bxf3 26. gxf3 Qg5+ 27. Kf1 Ra2 $17)) 24... Rcxc3 25. Rxb6 Rxc1+ 26. Qxc1 {Threatens to win with Rxb7!} Ra8 {[#]} (26... Ra7 $11 {keeps the balance.}) 27. Qb1 (27. Qc5 $1 $16 {[%cal Rc5e7]} Ra1+ 28. Bf1 Qxc5 29. dxc5) 27... Bd5 $11 28. Nc6 (28. Rb8 $11) 28... Qc7 $17 29. Ne5 Rd8 (29... f6 $17 30. Ng6 f5 31. Nxf8 Kxf8) 30. Qe1 $2 {[%mdl 8192]} (30. Rb4 $11) 30... f6 (30... Qxb6 $142 31. Qa1 f6) 31. Rb1 $19 fxe5 32. dxe5 Qc5 33. Bf1 Rc8 34. Rd1 Qc3 35. Rd2 Qc1 36. Rd1 Qc7 37. Qe3 Qd7 38. Rd3 Re8 39. Qg3 Qe7 40. Re3 Nh7 41. Kh2 Qf7 42. f4 (42. Bd3 {was necessary.} Nf8 43. Be2) 42... Rf8 43. Rf3 (43. Be2 $142) 43... Qf5 $2 (43... Bxf3 44. Qxf3 Qxf4+ 45. Qxf4 Rxf4) 44. Rf2 {[#]} Bxg2 $2 (44... Ng5 $1 $19 {[%mdl 512]} 45. Bd3 (45. fxg5 Qxf2) 45... Ne4) 45. Bxg2 Rf7 46. Bf3 (46. Qe3 $11 {remains equal.}) 46... Nf8 (46... Qxf4 $17 {...Ng5 is the strong threat.} 47. Qxf4 Rxf4) 47. Bg4 Ng6 $2 {[%mdl 8192]} (47... Qe4 $11) 48. Bxf5 {White mates.} exf5 49. e6 Kh7 50. exf7 Nf8 {[#]} 51. Qd3 $1 g6 52. Qd5 Kg7 53. Qd6 {Accuracy: White = 38%, Black = 49%.} 1-0